[Event "Saint Quentin op 1st"]
[Site "Saint Quentin"]
[Date "2019.07.07"]
[Round "2"]
[White "Neiksans, Arturs"]
[Black "Polard, Gaetan"]
[Result "1-0"]
[WhiteElo "2581"]
[BlackElo "2267"]
[PlyCount "75"]
[EventDate "2019.07.06"]
[EventType "swiss"]
[EventRounds "9"]
[EventCountry "FRA"]
[SourceTitle "CBM 191 Extra"]
[Source "ChessBase"]
[SourceDate "2019.09.30"]
[SourceVersion "1"]
[SourceVersionDate "2019.09.30"]
[SourceQuality "1"]

1. e4 e5 2. Nf3 Nf6 3. Nxe5 d6 4. Nf3 Nxe4 5. Bd3 d5 6. 0-0 Be7 7. Re1 Nc5 8. Bf1 0-0 9. d4 Ne4 10. c4 c6 11. Nc3 Nxc3 12. bxc3 Be6 13. Qb3 b6 14. Ne5 Qc8 15. Nxc6 Qxc6 16. cxd5 Bxd5 17. c4 Be4 18. f3 Bf6 19. Rxe4 Qxe4 20. fxe4 Bxd4+ 21. Be3 Bxa1 22. Qd1 Bf6 23. e5 Be7 24. c5 Rd8 25. Qf3 Nd7 26. e6 fxe6 27. c6 Nc5 28. c7 Rf8 29. Qc6 Rac8 30. g3 Rf7 31. Bh3 Bf8 32. Bf4 Rf6 33. Bg5 Rg6 34. Bd8 Kf7 35. Qf3+ Kg8 36. Bf1 Rf6 37. Bxf6 gxf6 38. Qc6 1-0

[Event "Plancoet op 9th"]
[Site "Plancoet"]
[Date "2012.08.03"]
[Round "8"]
[White "Bolon, Karelle"]
[Black "Polard, Gaetan"]
[Result "0-1"]
[WhiteElo "2107"]
[BlackElo "2246"]
[PlyCount "122"]
[EventDate "2012.07.29"]
[EventType "swiss"]
[EventRounds "9"]
[EventCountry "FRA"]
[SourceTitle "CBM 149 Extra"]
[Source "ChessBase"]
[SourceDate "2012.08.24"]
[SourceVersion "1"]
[SourceVersionDate "2012.08.24"]
[SourceQuality "1"]

1. e4 e5 2. Nf3 Nc6 3. d4 exd4 4. Nxd4 Nf6 5. Nxc6 bxc6 6. e5 Qe7 7. Qe2 Nd5 8. c4 Ba6 9. b3 g6 10. Bb2 Bg7 11. g3 0-0 12. Bg2 Rae8 13. 0-0 Bxe5 14. Qxe5 Qxe5 15. Bxe5 Rxe5 16. cxd5 Bxf1 17. Kxf1 cxd5 18. Nc3 c6 19. Re1 Rfe8 20. Rxe5 Rxe5 21. Ne2 Kf8 22. Ke1 Ke7 23. Kd2 Kd6 24. f4 Re8 25. g4 Kc5 26. a3 a5 27. Kd3 Rb8 28. Kc3 Kd6 29. b4 axb4+ 30. axb4 Ra8 31. Nd4 Ra1 32. h4 Rg1 33. Bf3 Rc1+ 34. Nc2 f6 35. Kd2 Rb1 36. Bd1 Rb3 37. Be2 Rh3 38. h5 g5 39. fxg5 fxg5 40. Bd3 Rg3 41. Ne3 Ke5 42. Bxh7 Kf4 43. Nf5 Rxg4 44. h6 Rg2+ 45. Ke1 Rh2 46. Kf1 g4 47. Kg1 Rh3 48. Kg2 Kg5 49. Ng3 Rxh6 50. Bf5 Rd6 51. Bd3 Kf4 52. Nf5 Rf6 53. b5 Rxf5 54. Bxf5 cxb5 55. Bxd7 b4 56. Be6 d4 57. Bc4 Ke3 58. Kg3 d3 59. Bb3 Ke2 60. Bc4 Kd2 61. Kxg4 Kc3 0-1

[Event "Plancoet op 9th"]
[Site "Plancoet"]
[Date "2012.08.02"]
[Round "7"]
[White "Colin, Vincent"]
[Black "Polard, Gaetan"]
[Result "1-0"]
[WhiteElo "2391"]
[BlackElo "2246"]
[PlyCount "91"]
[EventDate "2012.07.29"]
[EventType "swiss"]
[EventRounds "9"]
[EventCountry "FRA"]
[SourceTitle "CBM 149 Extra"]
[Source "ChessBase"]
[SourceDate "2012.08.24"]
[SourceVersion "1"]
[SourceVersionDate "2012.08.24"]
[SourceQuality "1"]

1. c4 e6 2. d4 Nf6 3. Nf3 b6 4. a3 Ba6 5. Qc2 Bb7 6. Nc3 c5 7. e4 cxd4 8. Nxd4 d6 9. Bg5 Nbd7 10. 0-0-0 a6 11. f4 h6 12. Bxf6 Qxf6 13. g3 Qd8 14. Bh3 Qc7 15. Qe2 Rc8 16. Nxe6 fxe6 17. Bxe6 Rb8 18. Rhe1 Bc6 19. e5 Kd8 20. Kb1 Kc8 21. Nb5 Bxb5 22. cxb5 Kb7 23. exd6 Qd8 24. bxa6+ Ka7 25. Qb5 Nc5 26. d7 Be7 27. Bh3 Rf8 28. Re2 Bf6 29. Qc6 Nxa6 30. Rc2 b5 31. Rdc1 Qb6 32. Qf3 Rfd8 33. Rc6 Qd4 34. R1c2 Rxd7 35. Rxa6+ Kxa6 36. Qc6+ Ka7 37. Bxd7 Rb7 38. Bc8 Rb6 39. Qc7+ Ka8 40. Bh3 Qd1+ 41. Ka2 Qd5+ 42. b3 Rb7 43. Qa5+ Ra7 44. Rc8+ Kb7 45. Rc7+ Ka8 46. Qxa7# 1-0

[Event "Syre Memorial op 35th"]
[Site "Issy les Moulineaux"]
[Date "2012.05.19"]
[Round "4"]
[White "Jarreton, Herve"]
[Black "Polard, Gaetan"]
[Result "0-1"]
[WhiteElo "1991"]
[BlackElo "2234"]
[PlyCount "58"]
[EventDate "2012.05.17"]
[EventType "swiss"]
[EventRounds "6"]
[EventCountry "FRA"]
[SourceTitle "EXT 2015"]
[Source "ChessBase"]
[SourceDate "2014.11.20"]
[SourceVersion "1"]
[SourceVersionDate "2014.11.20"]
[SourceQuality "1"]

1. e4 d5 2. exd5 Qxd5 3. d4 Nc6 4. Nf3 Bg4 5. Be2 0-0-0 6. c4 Qd7 7. d5 Bxf3 8. gxf3 Nb4 9. a3 Na6 10. b4 e6 11. Nc3 Nf6 12. Nb5 exd5 13. Be3 d4 14. Qxd4 Qxd4 15. Nxd4 c5 16. bxc5 Nxc5 17. Rb1 a6 18. Bf1 g6 19. Bh3+ Kc7 20. Nb3 b6 21. Bd4 Nd3+ 22. Kf1 Rxd4 23. Nxd4 Nf4 24. Bg2 Bxa3 25. h3 Rd8 26. Nb3 Rd3 27. Kg1 Bd6 28. Rh2 Ne2+ 29. Kf1 Nc3 0-1

[Event "Verbandsliga Sued Baden 0607"]
[Site "Germany"]
[Date "2006.11.12"]
[Round "2.3"]
[White "Rapparlie, Werner"]
[Black "Polard, Gaetan"]
[Result "1-0"]
[WhiteElo "2211"]
[BlackElo "2248"]
[PlyCount "81"]
[EventDate "2006.10.22"]
[EventType "team"]
[EventRounds "9"]
[EventCountry "GER"]
[SourceTitle "EXT 2008"]
[Source "ChessBase"]
[SourceDate "2007.11.25"]
[SourceVersion "1"]
[SourceVersionDate "2007.11.25"]
[SourceQuality "1"]
[WhiteTeam "Konstanz"]
[BlackTeam "Lahr"]
[WhiteTeamCountry "GER"]
[BlackTeamCountry "GER"]

1. d4 d5 2. Nc3 Nf6 3. Bg5 Nbd7 4. f3 c5 5. e4 dxe4 6. d5 exf3 7. Qxf3 g6 8. 0-0-0 Bg7 9. h3 h6 10. Bh4 0-0 11. g4 a6 12. Nge2 b5 13. Bg2 b4 14. Ne4 Nxe4 15. Qxe4 Nf6 16. Qe3 Qa5 17. Kb1 e6 18. Bxf6 Bxf6 19. d6 Rb8 20. d7 Bb7 21. Bxb7 Rxb7 22. Qf3 Qb5 23. Qxf6 Rxd7 24. Qe5 Rfd8 25. Rxd7 Rxd7 26. Ng3 Rd5 27. Qe3 Kg7 28. h4 Qd7 29. b3 a5 30. Kb2 a4 31. Ne4 a3+ 32. Kc1 Qc7 33. g5 Qe5 34. c3 bxc3 35. gxh6+ Kg8 36. Rf1 f5 37. Qg5 Qh2 38. Qxg6+ Kf8 39. Qf6+ Ke8 40. Qxe6+ Kf8 41. Rxf5+ 1-0

[Event "Cappelle op 22nd"]
[Site "Cappelle la Grande"]
[Date "2006.02.21"]
[Round "5"]
[White "Polard, Gaetan"]
[Black "Gutman, Gennadi"]
[Result "1/2-1/2"]
[WhiteElo "2173"]
[BlackElo "2517"]
[PlyCount "55"]
[EventDate "2006.02.18"]
[EventType "swiss"]
[EventRounds "10"]
[EventCountry "FRA"]
[SourceTitle "CBM 110 Extra"]
[Source "ChessBase"]
[SourceDate "2006.03.10"]
[SourceVersion "2"]
[SourceVersionDate "2006.03.10"]
[SourceQuality "1"]

1. e4 c5 2. Nf3 Nc6 3. d4 cxd4 4. Nxd4 Nf6 5. Nc3 d6 6. Bg5 e6 7. Qd2 h6 8. Bxf6 gxf6 9. 0-0-0 a6 10. f4 Bd7 11. Kb1 Qb6 12. Nb3 0-0-0 13. Be2 h5 14. h4 Na5 15. Bf3 Nxb3 16. axb3 Rh7 17. Qe2 Bh6 18. f5 Bf4 19. Bxh5 Be5 20. Bf3 Kb8 21. g4 a5 22. Rd3 Rc8 23. Qe3 Rc5 24. h5 Rh8 25. h6 a4 26. bxa4 Qb4 27. Qd2 Bc6 28. h7 1/2-1/2

[Event "Oberliga Baden 0506"]
[Site "Germany"]
[Date "2006.01.29"]
[Round "6.5"]
[White "Geyer, Bernhard"]
[Black "Polard, Gaetan"]
[Result "1-0"]
[WhiteElo "2113"]
[BlackElo "2165"]
[PlyCount "131"]
[EventDate "2005.10.23"]
[EventType "team-tourn"]
[EventRounds "9"]
[EventCountry "GER"]
[SourceTitle "EXT 2007"]
[Source "ChessBase"]
[SourceDate "2006.11.23"]
[SourceVersion "1"]
[SourceVersionDate "2006.11.23"]
[SourceQuality "1"]
[WhiteTeam "Ladenburg"]
[BlackTeam "Lahr"]
[WhiteTeamCountry "GER"]
[BlackTeamCountry "GER"]

1. c4 e5 2. Nc3 Nf6 3. g3 d5 4. cxd5 Nxd5 5. Bg2 Nb6 6. Nf3 Nc6 7. 0-0 Be7 8. b3 Be6 9. Bb2 0-0 10. Rc1 f5 11. d3 Qd7 12. Qd2 h6 13. Rfd1 Bf6 14. e3 Rfd8 15. Ne2 Qe7 16. d4 e4 17. Ne1 Nd5 18. Bf1 Qf7 19. Nc3 Nxc3 20. Qxc3 Be7 21. Nc2 a5 22. Ba3 a4 23. Bxe7 Qxe7 24. Bc4 axb3 25. axb3 Bxc4 26. bxc4 b6 27. Qb3 Qf7 28. Qb5 Qd7 29. c5 Qd5 30. Nb4 Nxb4 31. Qxb4 Rab8 32. cxb6 Rxb6 33. Qe7 Rd7 34. Qe8+ Kh7 35. Rc5 Qf7 36. Qxf7 Rxf7 37. Rdc1 Rb7 38. Kg2 g6 39. R1c2 Kg7 40. Rc6 Kh7 41. f3 exf3+ 42. Kxf3 Re7 43. R2c3 Ra7 44. h3 Kg7 45. g4 fxg4+ 46. hxg4 Rf7+ 47. Ke4 Re7+ 48. Kd3 Kf7 49. e4 Kg7 50. e5 Rd7 51. Ke4 Ra4 52. R6c4 Ra7 53. d5 Ra5 54. Rc5 Ra7 55. e6 Re7 56. Ke5 Rb7 57. R5c4 Ra7 58. Rf3 Ra1 59. Rcf4 Re1+ 60. Kd4 c6 61. Rf7+ Rxf7 62. Rxf7+ Kg8 63. dxc6 Rxe6 64. Rc7 Kf8 65. Kd5 Re7 66. Kd6 1-0

[Event "Oberliga Baden 0506"]
[Site "Germany"]
[Date "2005.10.23"]
[Round "1.3"]
[White "Duessel, Udo"]
[Black "Polard, Gaetan"]
[Result "1/2-1/2"]
[WhiteElo "2290"]
[BlackElo "2165"]
[PlyCount "82"]
[EventDate "2005.10.23"]
[EventType "team-tourn"]
[EventRounds "9"]
[EventCountry "GER"]
[SourceTitle "EXT 2007"]
[Source "ChessBase"]
[SourceDate "2006.11.23"]
[SourceVersion "1"]
[SourceVersionDate "2006.11.23"]
[SourceQuality "1"]
[WhiteTeam "Waldshut Tiengen"]
[BlackTeam "Lahr"]
[WhiteTeamCountry "GER"]
[BlackTeamCountry "GER"]

1. d4 d5 2. c4 c6 3. Nf3 Nf6 4. Nc3 a6 5. c5 Nbd7 6. Bf4 Nh5 7. e3 g6 8. Bd3 Bg7 9. h4 Nxf4 10. exf4 b6 11. h5 bxc5 12. hxg6 hxg6 13. Rxh8+ Bxh8 14. f5 cxd4 15. fxg6 dxc3 16. gxf7+ Kf8 17. Ng5 Nf6 18. bxc3 Qa5 19. Rc1 Bg7 20. Bg6 e6 21. Qd4 Bd7 22. Kf1 Ke7 23. Re1 Qc7 24. Bf5 Rh8 25. Rxe6+ Bxe6 26. Nxe6 c5 27. Qe3 d4 28. cxd4 cxd4 29. Nxd4+ Kxf7 30. Qe6+ Kf8 31. Qxf6+ Bxf6 32. Ne6+ Kf7 33. Nxc7 a5 34. Be6+ Ke7 35. Bb3 Kd6 36. Nd5 Bd4 37. Nf4 Ba7 38. g4 Rh4 39. f3 Rh2 40. Ng2 Rh1+ 41. Ke2 Rh2 1/2-1/2

[Event "Oberliga Baden 0405"]
[Site "Germany"]
[Date "2005.04.10"]
[Round "9.6"]
[White "Polard, Gaetan"]
[Black "Henn, Wolfgang"]
[Result "1-0"]
[WhiteElo "2171"]
[BlackElo "2111"]
[PlyCount "69"]
[EventDate "2004.10.24"]
[EventType "team-tourn"]
[EventRounds "9"]
[EventCountry "GER"]
[SourceTitle "EXT 2007"]
[Source "ChessBase"]
[SourceDate "2006.11.23"]
[SourceVersion "1"]
[SourceVersionDate "2006.11.23"]
[SourceQuality "1"]
[WhiteTeam "Lahr"]
[BlackTeam "Slavija KA"]
[WhiteTeamCountry "GER"]
[BlackTeamCountry "GER"]

1. e4 c5 2. Nf3 d6 3. d4 cxd4 4. Nxd4 Nf6 5. Nc3 a6 6. f3 e5 7. Nb3 Be6 8. Be3 Nbd7 9. Qd2 Qc7 10. g4 h6 11. 0-0-0 Be7 12. Kb1 b6 13. h4 Nc5 14. Rg1 Qb7 15. g5 hxg5 16. hxg5 Nxb3 17. axb3 Nd7 18. Nd5 Bf8 19. Qf2 b5 20. f4 f5 21. Bg2 Bxd5 22. Rxd5 Be7 23. exf5 Qc8 24. Rd2 Rb8 25. Ba7 exf4 26. Qxf4 Qc7 27. Bxb8 Qxb8 28. Bc6 Qb6 29. Bxd7+ Kxd7 30. Re1 Rf8 31. Rde2 Bd8 32. f6 gxf6 33. Qf5+ Kc7 34. Qh7+ Kc6 35. Qg7 1-0

[Event "Paris Apsap op 55th"]
[Site "Paris"]
[Date "2002.??.??"]
[Round "7"]
[White "Fillon, Damien"]
[Black "Polard, Gaetan"]
[Result "0-1"]
[WhiteElo "2117"]
[BlackElo "2010"]
[PlyCount "58"]
[EventDate "2002.08.26"]
[EventType "swiss"]
[EventRounds "9"]
[EventCountry "FRA"]
[SourceTitle "EXT 2004"]
[Source "ChessBase"]
[SourceDate "2003.11.25"]
[SourceVersion "1"]
[SourceVersionDate "2003.11.25"]
[SourceQuality "1"]

1. e4 e6 2. d4 d5 3. Nc3 Nf6 4. Bg5 Bb4 5. exd5 exd5 6. Bd3 c6 7. h3 Nbd7 8. Qf3 0-0 9. Nge2 Re8 10. 0-0 Bd6 11. Nf4 Qc7 12. Nh5 Nxh5 13. Qxh5 Nf8 14. f4 Bd7 15. f5 f6 16. Bd2 Re7 17. Qg4 Rae8 18. h4 Kh8 19. h5 h6 20. Ne2 c5 21. dxc5 Bxc5+ 22. Kh1 Be3 23. Bb4 Re4 24. Bxe4 Rxe4 25. Rf4 Bxf4 26. Bxf8 Bg5 27. Qg3 Rh4+ 28. Kg1 Qb6+ 29. Kf1 Rh1+ 0-1